Физика: учебное пособие для вузов; В 3 т.
| Main Author: | |
|---|---|
| Language: | Russian |
| Published: |
Минск, Дизайн ПРО, 1997-
|
| Series: | Ученый. Инженер. Студент. Учащийся |
| Format: | Book |
| KOHA link: | https://koha.lib.tpu.ru/cgi-bin/koha/opac-detail.pl?biblionumber=34760 |
MARC
| LEADER | 00000nam1a2200000 4500 | ||
|---|---|---|---|
| 001 | 34760 | ||
| 005 | 20231030231307.0 | ||
| 035 | |a (RuTPU)RU\TPU\book\35167 | ||
| 035 | |a BOOK00001819 | ||
| 090 | |a 34760 | ||
| 100 | |a 20011210d1997 m y0rusy50 ca | ||
| 101 | 0 | |a rus | |
| 102 | |a RU | ||
| 200 | 1 | |a Физика |e учебное пособие для вузов |e В 3 т. |f Г. М. Макаренко | |
| 210 | |a Минск |c Дизайн ПРО |d 1997- | ||
| 225 | 1 | |a Ученый. Инженер. Студент. Учащийся | |
| 700 | 1 | |a Макаренко |b Г. М. |g Геннадий Макарович | |
| 801 | 0 | |a RU |b 63413507 |c 20011210 |g PSBO | |
| 801 | 2 | |a RU |b 63413507 |c 20040621 |g PSBO | |
| 942 | |c BK | ||